| Tag |
First Indicator |
Second Indicator |
Subfields |
| LEADER |
00000cam a2200000 4500 |
| 001 |
in00000669708 |
| 005 |
20151015083918.0 |
| 008 |
800926r18301830miu a 00010 eng d |
| 035 |
|
|
|a (OCoLC)06758014
|
| 035 |
|
|
|9 ACY1096AM
|
| 040 |
|
|
|a EEU
|c TXA
|d UtOrBLW
|
| 049 |
|
|
|a TXAI
|
| 090 |
|
|
|a PR4699.F18
|b D4
|
| 099 |
|
|
|a film
|a B
|a 1512
|a reel
|a 466.12
|
| 100 |
1 |
|
|a Featherstonhaugh, George William,
|d 1780-1866.
|
| 245 |
1 |
4 |
|a The death of Ugolino :
|b A tragedy /
|c By George William Featherstonhaugh, esq.
|
| 264 |
|
1 |
|a Philadelphia :
|b Carey and Lea,
|c 1830.
|
| 300 |
|
|
|a 116 pages ;
|c 22 cm.
|
| 336 |
|
|
|a text
|b txt
|2 rdacontent
|
| 337 |
|
|
|a microform
|b h
|2 rdamedia
|
| 338 |
|
|
|a microfilm reel
|b hd
|2 rdacarrier
|
| 500 |
|
|
|a Microfilm. Ann Arbor, Mich., University Microfilms [n.d.] (American culture series, Reel 466.12)
|
| 500 |
|
|
|a Microform.
|
| 600 |
1 |
0 |
|a Gherardesca, Ugolino,
|c conte di Donoratico,
|d -1289
|x Drama.
|
| 999 |
|
|
|a MARS
|
| 999 |
f |
f |
|s 5654e2e2-d9a9-38f9-ab77-1eae8363498d
|i a43879a6-0ea1-36f8-abc5-1a8f02e1d0f1
|t 0
|
| 952 |
f |
f |
|p default
|a Texas A&M University
|b College Station
|c Sterling C. Evans Library
|d Evans: Microforms (3rd floor)
|t 0
|e film B 1512 reel 466.12
|h Other scheme
|i microform -- microfilm reel
|
| 998 |
f |
f |
|a film B 1512 reel 466.12
|t 0
|l Evans: Microforms (3rd floor)
|